Разработка программного модуля настройки, контроля и управления процессом нефтепереработки на основе киберфизического подхода; Молодежь и современные информационные технологии

Bibliografiske detaljer
Parent link:Молодежь и современные информационные технологии.— 2021.— [С. 479-480]
Hovedforfatter: Зарницын А. Ю. Александр Юрьевич
Institution som forfatter: Национальный исследовательский Томский политехнический университет Инженерная школа неразрушающего контроля и безопасности Отделение электронной инженерии
Andre forfattere: Подковыров И. А.
Summary:Заглавие с титульного экрана
Sprog:russisk
Udgivet: 2021
Serier:Автоматизация технологических процессов и производств
Fag:
Online adgang:http://earchive.tpu.ru/handle/11683/67983
Format: MixedMaterials Electronisk Book Chapter
KOHA link:https://koha.lib.tpu.ru/cgi-bin/koha/opac-detail.pl?biblionumber=633286

MARC

LEADER 00000naa2a2200000 4500
001 633286
005 20231101133744.0
035 |a (RuTPU)RU\TPU\conf\35034 
035 |a RU\TPU\conf\35033 
090 |a 633286 
100 |a 20210708d2021 k y0rusy50 ca 
101 0 |a rus 
102 |a RU 
105 |a y z 101zy 
135 |a drcn ---uucaa 
181 0 |a i  
182 0 |a b 
200 1 |a Разработка программного модуля настройки, контроля и управления процессом нефтепереработки на основе киберфизического подхода  |f А. Ю. Зарницын, И. А. Подковыров 
203 |a Текст  |c электронный 
225 1 |a Автоматизация технологических процессов и производств 
230 |a 1 компьютерный файл (pdf; 542 Кb) 
300 |a Заглавие с титульного экрана 
320 |a [Библиогр.: с. 480 (2 назв.)] 
463 0 |0 (RuTPU)RU\TPU\conf\34857  |t Молодежь и современные информационные технологии  |o сборник трудов XVIII Международной научно-практической конференции студентов, аспирантов и молодых учёных, 22-26 марта 2021 г., г. Томск  |f Национальный исследовательский Томский политехнический университет, Инженерная школа информационных технологий и робототехники ; под ред. Н. Г. Маркова [и др.]  |v [С. 479-480]  |d 2021 
610 1 |a электронный ресурс 
610 1 |a труды учёных ТПУ 
610 1 |a программные модули 
610 1 |a настройка 
610 1 |a контроль 
610 1 |a управление 
610 1 |a нефтепереработка 
610 1 |a цифровые технологии 
610 1 |a режимы реального времени 
610 1 |a имитационные модели 
610 1 |a анализаторы 
700 1 |a Зарницын  |b А. Ю.  |c специалист в области информатики и вычислительной техники  |c ассистент кафедры Томского политехнического университета  |f 1990-  |g Александр Юрьевич  |2 stltpush  |3 (RuTPU)RU\TPU\pers\36387 
701 1 |a Подковыров  |b И. А. 
712 0 2 |a Национальный исследовательский Томский политехнический университет  |b Инженерная школа неразрушающего контроля и безопасности  |b Отделение электронной инженерии  |h 7977  |2 stltpush  |3 (RuTPU)RU\TPU\col\23507 
801 2 |a RU  |b 63413507  |c 20210809  |g RCR 
856 4 |u http://earchive.tpu.ru/handle/11683/67983 
942 |c BK